| 000 | 01068nas a2200301 4500 | ||
|---|---|---|---|
| 001 | BR8400754 | ||
| 003 | BR-BrBNA | ||
| 005 | 20231205085804.0 | ||
| 007 | ta | ||
| 008 | 230509b bl.|||p| |||| 00| 00por d | ||
| 040 |
_aBR-BrBNA _bpor _cBiblioteca Nacional de Agricultura |
||
| 041 | _a(Pt) | ||
| 072 | _aF30 | ||
| 100 | 1 | _aOjima, M. | |
| 100 | 1 | _aDall'Orto, F.A.C. | |
| 100 | 1 | _aRigitano, O. | |
| 100 | 1 | _aTombolato, A.F.C. | |
| 100 | 1 | _aBarbosa, W. | |
| 245 | 1 | _aMelhoramento da nectarina em Sao Paulo, 1: cruzamento de 1970, selecao nas geracoes F1 e F2 [Prunus persica, nucipersica, Brasil] | |
| 246 | 1 | _aNectarine breeding at the Instituto Agronomico of Campinas, State of Sao Paulo, Brazil, 1: the crossing in 1970, selection in the F1 and F2 generations [Prunus persica, nucipersica] | |
| 650 | _aNECTARINA | ||
| 650 | _aCRUZAMENTO VEGETAL | ||
| 650 | _aHIBRIDO | ||
| 650 | _aSAO PAULO | ||
| 773 | 0 |
_tBragantia (Brazil) _xISSN 0006-8705 _g(1983), v. 42 p. 1-14 _wBR8400754 |
|
| 909 |
_a202311 _bLúcia _c55 _dLúcia Elande |
||
| 942 |
_2AGRIS _n0 _cANA |
||
| 999 |
_c113817 _d113817 |
||